[Event "Malakhatko Memorial op"]
[Site "Chess.com INT"]
[Date "2023.06.14"]
[Round "5"]
[White "Abramuk, Alexander"]
[Black "Podrez, Sergey"]
[Result "0-1"]
[WhiteElo "1680"]
[BlackElo "1995"]
[PlyCount "30"]
[EventDate "2023.06.14"]
[EventType "swiss (blitz)"]
[EventRounds "11"]
[EventCountry "USA"]
[SourceTitle "CBM 214 Extra"]
[Source "ChessBase"]
[SourceDate "2023.07.31"]
[SourceVersion "1"]
[SourceVersionDate "2023.07.31"]
[SourceQuality "1"]

1. e4 c6 2. d4 d5 3. Nc3 dxe4 4. Nxe4 Nf6 5. Nxf6+ exf6 6. c3 Bd6 7. Bd3 0-0 8. Qh5 Re8+ 9. Ne2 g6 10. Qh6 Bf8 11. Qf4 Nd7 12. h4 h5 13. g4 Qa5 14. b4 Qd5 15. c4 Qxh1+ 0-1

[Event "Myrhorod op"]
[Site "Myrhorod"]
[Date "2011.07.10"]
[Round "3"]
[White "Podrez, Sergey"]
[Black "Kazakov, Maksym"]
[Result "0-1"]
[WhiteElo "2031"]
[BlackElo "1937"]
[PlyCount "74"]
[EventDate "2011.07.09"]
[EventType "swiss"]
[EventRounds "9"]
[EventCountry "UKR"]
[SourceTitle "CBM 143 Extra"]
[Source "ChessBase"]
[SourceDate "2011.08.29"]
[SourceVersion "1"]
[SourceVersionDate "2011.08.29"]
[SourceQuality "1"]

1. e4 c5 2. Nf3 Nc6 3. d4 cxd4 4. Nxd4 e5 5. Nb3 Nf6 6. Bg5 h6 7. Bh4 g5 8. Bg3 Nxe4 9. Bc4 Nxg3 10. Qf3 d5 11. Bxd5 Nf5 12. Nc3 Nb4 13. 0-0-0 Nxd5 14. Nxd5 Be6 15. g4 Nd4 16. Nf6+ Ke7 17. Nxd4 exd4 18. Rhe1 Bg7 19. Nd5+ Kd6 20. c4 Re8 21. Qa3+ Kd7 22. Qa4+ Kc8 23. Nb6+ axb6 24. Qxa8+ Kc7 25. Qa4 Qd7 26. Qb3 Ra8 27. Rd2 b5 28. Qg3+ Qd6 29. b3 Qxg3 30. hxg3 bxc4 31. bxc4 Ra4 32. Kc2 Rxa2+ 33. Kd3 Bxc4+ 34. Kxc4 Rxd2 35. Re7+ Kc6 36. Rxf7 b5+ 37. Kb3 Be5 0-1

[Event "Myrhorod op"]
[Site "Myrhorod"]
[Date "2011.07.09"]
[Round "1"]
[White "Podrez, Sergey"]
[Black "Nikolaev, Leonid"]
[Result "0-1"]
[WhiteElo "2031"]
[BlackElo "2342"]
[PlyCount "92"]
[EventDate "2011.07.09"]
[EventType "swiss"]
[EventRounds "9"]
[EventCountry "UKR"]
[SourceTitle "CBM 143 Extra"]
[Source "ChessBase"]
[SourceDate "2011.08.29"]
[SourceVersion "1"]
[SourceVersionDate "2011.08.29"]
[SourceQuality "1"]

1. d4 Nf6 2. c4 c5 3. Nf3 cxd4 4. Nxd4 Nc6 5. e3 g6 6. Be2 Bg7 7. 0-0 0-0 8. Nc3 d6 9. b3 Bd7 10. Bb2 a6 11. Bf3 Rb8 12. Nd5 Ne5 13. Nxf6+ Bxf6 14. Be2 Bg7 15. f4 Nc6 16. Nxc6 Bxc6 17. Bxg7 Kxg7 18. Bf3 Qb6 19. Qd4+ Qxd4 20. exd4 Rfc8 21. Rae1 e6 22. Rc1 a5 23. Kf2 h5 24. Rfd1 Bxf3 25. Kxf3 Kf6 26. Ke4 Ke7 27. d5 Rc5 28. Rc3 b5 29. dxe6 fxe6 30. Rdc1 bxc4 31. bxc4 Kf6 32. Kd4 Kf5 33. g3 Rbc8 34. Rf1 R8c6 35. Rf2 d5 36. Rfc2 Kg4 37. Kd3 Rxc4 38. Rxc4 Rxc4 39. Rb2 h4 40. gxh4 Rxf4 41. Rg2+ Kf5 42. h5 gxh5 43. Rg8 Rh4 44. Ra8 a4 45. Ke3 Rh3+ 46. Kd4 Rxh2 0-1

[Event "Yuzhny op"]
[Site "Yuzhny"]
[Date "2010.09.11"]
[Round "8"]
[White "Gavriliuk, Alexandr"]
[Black "Podrez, Sergey"]
[Result "1/2-1/2"]
[WhiteElo "1854"]
[BlackElo "1998"]
[PlyCount "91"]
[EventDate "2010.09.07"]
[EventType "swiss"]
[EventRounds "9"]
[EventCountry "UKR"]
[SourceTitle "CBM 138 Extra"]
[Source "ChessBase"]
[SourceDate "2010.10.29"]
[SourceVersion "1"]
[SourceVersionDate "2010.10.29"]
[SourceQuality "1"]

1. e4 c5 2. Nf3 Nc6 3. Nc3 d6 4. d4 cxd4 5. Nxd4 Nf6 6. Be2 g6 7. 0-0 Bg7 8. Be3 0-0 9. Kh1 Bd7 10. Qd2 Ng4 11. Bxg4 Bxg4 12. f4 Bd7 13. Nxc6 Bxc6 14. Bd4 e5 15. Be3 f5 16. exf5 Rxf5 17. Rad1 exf4 18. Rxf4 Qc8 19. Qxd6 Be5 20. Qd2 Bxf4 21. Bxf4 Qf8 22. Be3 Re8 23. h3 Rf1+ 24. Kh2 Rxe3 25. Qxe3 Rxd1 26. Qe6+ Kg7 27. Qe5+ Kh6 28. Nxd1 Qf7 29. Ne3 g5 30. Nf5+ Kg6 31. g4 Qd7 32. Kg3 h6 33. b3 a6 34. a4 b5 35. axb5 Bxb5 36. Nd4 Qe8 37. Qf5+ Kg7 38. Ne6+ Kg8 39. Qe5 Qe7 40. Qd5 Kh8 41. Qd8+ Qxd8 42. Nxd8 Kg7 43. c4 Bd7 44. b4 Kf6 45. Nb7 Ke5 46. b5 1/2-1/2